000 00527nam a2200193Ia 4500
005 20250508162115.0
008 008 250505s9999 xx 000 0 eng d
037 _aTextual
040 _aFEDL
_beng
_cFEDL
041 _aeng
_2eng
084 _aB, GAN
_qFEDL
100 _aBenudhar Pradhan
_9772320
245 0 _aSocialist thought of Mahatma Gandhi. 2 Vol.
260 _aDelhi, India
_bG D K Publications
_c1980
300 _a766p.
365 _aINR
_b200
942 _cTEXL
_hB, GAN
999 _c1374420
_d1374420